[Event "Monarch Assurance Isle of Man 16th"]
[Site "Port Erin"]
[Date "2007.09.26"]
[Round "5.19"]
[White "Haslinger, Stewart"]
[Black "Ly, Moulthun"]
[Result "1/2-1/2"]
[WhiteElo "2468"]
[BlackElo "2295"]
[PlyCount "173"]
[EventDate "2007.09.22"]
[EventType "swiss"]
[EventRounds "9"]
[EventCountry "IOM"]

1. e4 e6 2. d4 d5 3. Nd2 c5 4. Ngf3 a6 5. dxc5 Bxc5 6. Bd3 Nc6 7. O-O Nge7 8.
exd5 exd5 9. Nb3 Ba7 10. Re1 O-O 11. Be3 Bxe3 12. Rxe3 Nf5 13. Bxf5 Bxf5 14.
Nfd4 Nxd4 15. Nxd4 Bg6 16. c3 Re8 17. Qe2 Rxe3 18. Qxe3 Qd7 19. Re1 f6 20. Qe6+
Qxe6 21. Rxe6 Re8 22. f3 Rxe6 23. Nxe6 Bf5 24. Nf4 Kf7 25. Kf2 Be6 26. Ke3 g5
27. Nd3 Ke7 28. Kd4 Kd6 29. g4 Bd7 30. Nc5 Bc8 31. h3 b6 32. Nd3 a5 33. Nf2 Bd7
34. Nd1 a4 35. Ne3 Be6 36. Nf1 Bf7 37. Ne3 Be6 38. Nc2 Bc8 39. Nb4 Be6 40. Nc2
Bd7 41. b3 axb3 42. axb3 Bc8 43. Nb4 Be6 44. Nd3 Bf7 45. Ne1 Be6 46. Ng2 Bd7
47. f4 h6 48. Ne3 Be6 49. f5 Bf7 50. b4 Bg8 51. Nc2 Bf7 52. Na3 Kc6 53. Nb1 Bg8
54. Nd2 Bf7 55. Nf3 Kd6 56. Nd2 Bg8 57. Nf1 Bf7 58. Ng3 Kd7 59. Ke3 Kd6 60. Kd4
Kd7 61. Nf1 Kd6 62. Ne3 Bg8 63. Nc2 Bf7 64. Na3 Kc6 65. Nb1 Kd6 66. Nd2 Bg8 67.
Nf3 Bf7 68. h4 Bg8 69. hxg5 hxg5 70. Nd2 Bf7 71. Nf1 Bg8 72. Ng3 Bf7 73. Nh5
Ke7 {(=)} 74. Ng3 Kd6 75. Ne2 Bg8 76. Nc1 Bf7 77. Nb3 Be8 78. Nd2 Bf7 79. Nf1
Bg8 80. Ne3 Bf7 81. Nc2 Bg8 82. b5 Bf7 83. Nb4 Bg8 84. Nc6 Bf7 85. Na7 Kc7 86.
Nc6 Kd6 87. Nb4 1/2-1/2

[Event "Monarch Assurance Isle of Man 16th"]
[Site "Port Erin"]
[Date "2007.09.26"]
[Round "5.20"]
[White "Paehtz, Elisabeth"]
[Black "Ashton, Adam"]
[Result "1/2-1/2"]
[WhiteElo "2457"]
[BlackElo "2295"]
[PlyCount "104"]
[EventDate "2007.09.22"]
[EventType "swiss"]
[EventRounds "9"]
[EventCountry "IOM"]

1. e4 e5 2. Nf3 Nc6 3. Bc4 Nf6 4. d3 Bc5 5. Bb3 a6 6. c3 Ba7 7. Qe2 d6 8. Nbd2
Be6 9. Nc4 h6 10. O-O O-O 11. Bc2 Re8 12. Kh1 Qd7 13. Be3 Bxe3 14. Nxe3 d5 15.
d4 exd4 16. e5 dxe3 17. exf6 Bf5 18. fxe3 Bxc2 19. Qxc2 g6 20. Qd2 Re4 21. c4
Rd8 22. Rad1 Kh7 23. Qxd5 Qxd5 24. Rxd5 Rxd5 25. cxd5 Nb4 26. Rd1 Rxe3 27. d6
cxd6 28. Rxd6 Rd3 29. Rb6 Rd1+ 30. Ng1 Nxa2 31. Rxb7 g5 32. h4 Kg6 33. hxg5
hxg5 34. Kh2 Rd6 35. Nf3 Rxf6 36. Ne5+ Kg7 37. Kg3 Rf5 38. Nf3 Nc1 39. Kg4 Rb5
40. Ra7 Rxb2 41. Rxa6 Rxg2+ 42. Kh3 Rc2 43. Nxg5 Rc7 44. Kg4 Nd3 45. Ne6+ fxe6
46. Rxe6 Nc5 47. Rd6 Ne4 48. Rd4 Nf6+ 49. Kf5 Kf7 50. Rd6 Rc5+ 51. Kf4 Kg6 52.
Ra6 Rb5 1/2-1/2

[Event "Monarch Assurance Isle of Man 16th"]
[Site "Port Erin"]
[Date "2007.09.26"]
[Round "5.21"]
[White "Palliser, Richard"]
[Black "Weisbuch, Udi"]
[Result "1-0"]
[WhiteElo "2417"]
[BlackElo "2284"]
[PlyCount "75"]
[EventDate "2007.09.22"]
[EventType "swiss"]
[EventRounds "9"]
[EventCountry "IOM"]

1. d4 Nf6 2. Nf3 g6 3. Nc3 d5 4. Bf4 c6 5. Qd2 h6 6. Ne5 Bg7 7. f3 Nfd7 8. Nxd7
Nxd7 9. e4 dxe4 10. Nxe4 Nf6 11. O-O-O Nxe4 12. fxe4 Bg4 13. Be2 Bxe2 14. Qxe2
Qa5 15. Kb1 O-O 16. h4 Rad8 17. e5 e6 18. h5 g5 19. Bxg5 hxg5 20. h6 Bh8 21.
h7+ Kg7 22. Rdf1 Qb4 23. Rf6 Qe7 24. Qh5 Qxf6 25. exf6+ Kxf6 26. Rf1+ Ke7 27.
Qxg5+ f6 28. Qc5+ Kf7 29. g4 a6 30. g5 f5 31. g6+ Kxg6 32. Qe7 Bxd4 33. Qxe6+
Kg7 34. c3 Bf6 35. h8=Q+ Kxh8 36. Rh1+ Kg7 37. Qxf5 Rh8 38. Rg1+ 1-0

[Event "Monarch Assurance Isle of Man 16th"]
[Site "Port Erin"]
[Date "2007.09.26"]
[Round "5.22"]
[White "Ferguson, Mark"]
[Black "Bannink, Bernard"]
[Result "1/2-1/2"]
[WhiteElo "2413"]
[BlackElo "2271"]
[PlyCount "102"]
[EventDate "2007.09.22"]
[EventType "swiss"]
[EventRounds "9"]
[EventCountry "IOM"]

1. e4 c5 2. Nf3 e6 3. d3 Na6 4. c3 g6 5. g3 Bg7 6. Be3 d6 7. a3 Ne7 8. Bg2 e5
9. b4 b6 10. O-O O-O 11. Nbd2 h6 12. Nb3 Be6 13. b5 Nb8 14. Nfd2 Qd7 15. a4 a6
16. Nc4 Nc8 17. Rb1 axb5 18. axb5 d5 19. exd5 Bxd5 20. Bxd5 Qxd5 21. Qe2 Nd7 {
(=)} 22. Bd2 Nd6 23. Ne3 Qe6 24. c4 e4 25. f4 Ra2 26. Nd5 exd3 27. Qxd3 Qe4 28.
Qxe4 Nxe4 29. Rfd1 Nxd2 30. Rxd2 Rxd2 31. Nxd2 Ra8 32. Re1 Kf8 33. Nf3 Ra1 34.
Rxa1 Bxa1 35. g4 f6 36. Nd2 g5 37. Ne4 gxf4 38. Nd6 f3 39. Nc8 Bd4+ 40. Kf1 Ne5
41. Nxf6 Nxc4 42. Ne4 Kf7 43. Ned6+ Nxd6 44. Nxd6+ Ke6 45. Nc4 Be5 46. Nxb6
Bxh2 47. Kf2 Bc7 48. Na4 c4 49. Kxf3 Kd5 50. Ke3 Ba5 51. b6 Kc6 1/2-1/2

[Event "Monarch Assurance Isle of Man 16th"]
[Site "Port Erin"]
[Date "2007.09.26"]
[Round "5.23"]
[White "Jackson, Oliver A"]
[Black "Bradford, Joseph"]
[Result "0-1"]
[WhiteElo "2198"]
[BlackElo "2406"]
[PlyCount "100"]
[EventDate "2007.09.22"]
[EventType "swiss"]
[EventRounds "9"]
[EventCountry "IOM"]

1. e4 e6 2. d4 d5 3. Nc3 Bb4 4. e5 c5 5. a3 Ba5 6. b4 cxd4 7. Nb5 Bc7 8. f4 Bd7
9. Nxc7+ Qxc7 10. Nf3 Ba4 11. Bd3 Nc6 12. O-O Nge7 13. Bd2 a6 14. Qe2 Nf5 15.
g4 Ne3 16. Bxe3 dxe3 17. Qxe3 h5 18. g5 g6 19. Rfc1 b5 20. Nd2 O-O 21. c3 Rfc8
22. Rab1 Qd7 23. Nf3 Rc7 24. Nd4 Rac8 25. Ne2 Ne7 26. Kf2 Rc6 27. Qd4 R8c7 28.
Kg1 Rc8 29. Qe3 Qb7 30. Kf2 R8c7 31. Kg1 Nc8 32. Qd2 Qa7+ 33. Kg2 Rd7 34. Nd4
Rb6 35. Qf2 Ne7 36. Bc2 Bxc2 37. Qxc2 Rc7 38. a4 Nf5 39. Nxf5 gxf5 40. axb5
axb5 41. Ra1 Qb7 42. Qe2 d4+ 43. Kg1 dxc3 44. Qxh5 Ra6 45. Rxa6 Qxa6 46. Qd1
Qa7+ 47. Kg2 Rd7 48. Qg1 Qa8+ 49. Kg3 Rd3+ 50. Kh4 Kg7 0-1

[Event "Monarch Assurance Isle of Man 16th"]
[Site "Port Erin"]
[Date "2007.09.26"]
[Round "5.24"]
[White "Egozi, Nadav"]
[Black "Collins, Sam IRL"]
[Result "0-1"]
[WhiteElo "2205"]
[BlackElo "2405"]
[PlyCount "94"]
[EventDate "2007.09.22"]
[EventType "swiss"]
[EventRounds "9"]
[EventCountry "IOM"]

1. d4 d5 2. c4 c6 3. Nf3 Nf6 4. Nc3 e6 5. Bg5 h6 6. Bh4 dxc4 7. e4 g5 8. Bg3 b5
9. h4 g4 10. Ne5 Rg8 11. Be2 Bb7 12. Nxg4 Nxg4 13. Bxg4 b4 14. Na4 c5 15. Nxc5
Bxc5 16. dxc5 Qxd1+ 17. Bxd1 Bxe4 18. Bf3 Bxf3 19. gxf3 Nc6 20. O-O-O Rd8 21.
Rhe1 Rxd1+ 22. Rxd1 Ke7 23. Rd6 Rc8 24. h5 a5 25. Bf4 Kf6 26. Bxh6 Ne7 27. Rd7
Nf5 28. Bf4 Rxc5 29. Rc7 Rxc7 30. Bxc7 a4 31. Bd8+ Kg7 32. Bg5 Nd4 33. Be3 e5
34. f4 Ne2+ 35. Kc2 exf4 36. Bc5 b3+ 37. axb3 axb3+ 38. Kd2 f3 39. Ba3 Kh6 40.
Ke3 c3 41. bxc3 Nxc3 42. Bc1 Nd1+ 43. Kd2 b2 44. Kxd1+ bxc1=Q+ 45. Kxc1 Kxh5
46. Kd2 Kg4 47. Ke3 f5 0-1

[Event "Monarch Assurance Isle of Man 16th"]
[Site "Port Erin"]
[Date "2007.09.26"]
[Round "5.25"]
[White "Mueller, Matthias"]
[Black "Allen, Keith"]
[Result "1/2-1/2"]
[WhiteElo "2405"]
[BlackElo "2222"]
[PlyCount "38"]
[EventDate "2007.09.22"]
[EventType "swiss"]
[EventRounds "9"]
[EventCountry "IOM"]

1. e4 e5 2. Nf3 Nc6 3. d4 exd4 4. Nxd4 Nf6 5. Nxc6 bxc6 6. e5 Qe7 7. Qe2 Nd5 8.
c4 Ba6 9. b3 O-O-O 10. g3 Re8 11. Bb2 Qg5 12. a3 Bd6 13. h4 Qh6 14. Bh3 Bxe5
15. O-O Bxb2 16. Qxb2 Nf6 17. Nc3 Re7 18. Na4 Qh5 19. Qc3 Kd8 1/2-1/2

[Event "Monarch Assurance Isle of Man 16th"]
[Site "Port Erin"]
[Date "2007.09.26"]
[Round "5.26"]
[White "Troyke, Christian"]
[Black "Tate, Alan"]
[Result "1-0"]
[WhiteElo "2386"]
[BlackElo "2053"]
[PlyCount "73"]
[EventDate "2007.09.22"]
[EventType "swiss"]
[EventRounds "9"]
[EventCountry "IOM"]

1. g3 e5 2. c4 Nf6 3. Bg2 h6 4. Nc3 Nc6 5. e3 Bc5 6. Nge2 a6 7. O-O d6 8. d4
Ba7 9. dxe5 Nxe5 10. h3 O-O 11. b3 Rb8 12. Nd4 Re8 13. Bb2 Bd7 14. Nd5 Nh7 15.
f4 c6 16. fxe5 cxd5 17. Nf3 dxe5 18. Nxe5 Bxe3+ 19. Kh2 d4 20. Nxf7 Qb6 21. Bd5
Be6 22. Qh5 Bxd5 23. cxd5 Nf6 24. Qg6 Rf8 25. Ne5 Nxd5 26. Qd3 Rbc8 27. Nc4 Qc5
28. Ba3 Nb4 29. Qe4 b5 30. Nxe3 Rfe8 31. Bxb4 Qxb4 32. Qd5+ Kh8 33. Ng2 Red8
34. Qe4 Re8 35. Qg6 Re5 36. Rae1 Rxe1 37. Rxe1 1-0

[Event "Monarch Assurance Isle of Man 16th"]
[Site "Port Erin"]
[Date "2007.09.26"]
[Round "5.27"]
[White "Obers, Frits"]
[Black "Kolbus, Dietmar"]
[Result "0-1"]
[WhiteElo "2073"]
[BlackElo "2384"]
[PlyCount "154"]
[EventDate "2007.09.22"]
[EventType "swiss"]
[EventRounds "9"]
[EventCountry "IOM"]

1. c4 Nf6 2. Nc3 d5 3. cxd5 Nxd5 4. g3 Nb6 5. Bg2 g6 6. d3 Bg7 7. Be3 h6 8. Qc1
N8d7 9. Nf3 c6 10. O-O Nf6 11. Rb1 Be6 12. a3 Qc8 13. b4 Bh3 14. b5 Bxg2 15.
Kxg2 c5 16. a4 Nbd7 17. h3 Qc7 18. Nd2 b6 19. Nc4 Qb7+ 20. Kh2 Nd5 21. Bd2 N7f6
22. a5 h5 23. h4 O-O 24. Na4 Ng4+ 25. Kg1 Ne5 26. Nxe5 Bxe5 27. Nb2 Rfd8 28.
Nc4 Bg7 29. Qc2 Rab8 30. Rb3 Qd7 31. Kh2 Qe6 32. Bc1 Nb4 33. Qd1 bxa5 34. Nxa5
Rxb5 35. Nc4 a6 36. Bb2 Bd4 37. Bxd4 Rxd4 38. e3 Rd7 39. Ra3 Rb8 40. Nb2 Rbd8
41. Qe2 Qf5 42. Rc1 Nxd3 43. Nxd3 Rxd3 44. Rxd3 Rxd3 45. e4 Qf3 46. Qxf3 Rxf3
47. Kg2 Rf6 48. Rxc5 Rb6 49. Rc7 Kf8 50. Ra7 Ke8 51. Ra8+ Kd7 52. Ra7+ Ke6 53.
Kf3 Kf6 54. Ke3 e5 55. Ke2 Ke6 56. Ke3 f5 57. exf5+ Kxf5 58. Ra8 Rd6 59. Ra7
Ke6 60. Ke4 Rd4+ 61. Ke3 Ra4 62. Rg7 Kf6 63. Ra7 a5 64. Ra8 Ke6 65. Rg8 Rg4 66.
Ra8 a4 67. Ra6+ Kf5 68. Ra8 Rb4 69. Rf8+ Ke6 70. Rg8 Kd5 71. Rxg6 Rb3+ 72. Kd2
a3 73. Ra6 Ke4 74. Ra4+ Kf3 75. Kc2 Rb2+ 76. Kc1 Kxf2 77. Rxa3 Rb5 0-1

[Event "Monarch Assurance Isle of Man 16th"]
[Site "Port Erin"]
[Date "2007.09.26"]
[Round "5.28"]
[White "Taylor, Peter P"]
[Black "Shachar, Ehud"]
[Result "1-0"]
[WhiteElo "2209"]
[BlackElo "2353"]
[PlyCount "129"]
[EventDate "2007.09.22"]
[EventType "swiss"]
[EventRounds "9"]
[EventCountry "IOM"]

1. Nf3 e6 2. c4 f5 3. g3 Nf6 4. Bg2 Be7 5. O-O O-O 6. d4 d6 7. Nc3 Ne4 8. Nxe4
fxe4 9. Nd2 d5 10. f3 e3 11. Nb1 dxc4 12. Bxe3 Bf6 13. Na3 Nc6 14. Nxc4 Nxd4
15. f4 c5 16. Rc1 Rb8 17. Bxd4 cxd4 18. Qd3 b5 19. Ne5 Bb7 20. Bxb7 Rxb7 21.
Qe4 Rb6 22. Rfd1 Rd6 23. Rc5 Qb6 24. Rc6 Qb7 25. Rdc1 Rfd8 26. Nd3 Rxc6 27.
Qxc6 Qd7 28. Qxd7 Rxd7 29. Rc5 Rb7 30. Rc6 Kf7 31. Kg2 Re7 32. Rc5 Rb7 33. Kf3
Ke7 34. Ke4 Kd6 35. b4 Rc7 36. Rxc7 Kxc7 37. Nc5 Kd6 38. Nb3 e5 39. fxe5+ Bxe5
40. Nxd4 a6 41. h3 h5 42. g4 hxg4 43. hxg4 g6 44. Kd3 Bf6 45. Nb3 Kd5 46. Nc5
a5 47. Ne4 Bd8 48. Nc3+ Ke5 49. e3 axb4 50. Nxb5 Bb6 51. Nd4 Kd5 52. e4+ Ke5 {
(=)} 53. Nc6+ Kf4 54. e5 Kxg4 55. e6 Bc5 56. e7 Bxe7 57. Nxe7 g5 58. Ke3 Kg3
59. Nf5+ Kg2 60. Ke2 g4 61. Ne3+ Kg3 62. Kf1 Kf3 63. Nc2 Ke4 64. Nxb4 Kd4 65.
a4 1-0

[Event "Monarch Assurance Isle of Man 16th"]
[Site "Port Erin"]
[Date "2007.09.26"]
[Round "5.29"]
[White "Casper, Thomas"]
[Black "Adams, Phil"]
[Result "1-0"]
[WhiteElo "2421"]
[BlackElo "2144"]
[PlyCount "81"]
[EventDate "2007.09.22"]
[EventType "swiss"]
[EventRounds "9"]
[EventCountry "IOM"]

1. e4 e5 2. Bc4 Nf6 3. d3 Nc6 4. h3 Na5 5. Bb3 Nxb3 6. axb3 d5 7. Qf3 Be7 8.
Ne2 Be6 9. O-O Qd6 10. Ng3 Qc6 11. Qe2 O-O 12. Nc3 Rfe8 13. Kh1 a6 14. f4 exf4
15. Bxf4 dxe4 16. dxe4 Nd7 17. Qf3 Bf6 18. Nh5 Bh4 19. Bg3 Bd8 20. Rad1 f6 21.
Bh2 Bf7 22. Nxg7 Kxg7 23. Qg4+ Kh8 24. Qxd7 Qxd7 25. Rxd7 Be6 26. Rd3 c6 27.
Bg1 Be7 28. Bb6 h6 29. Ne2 Kg7 30. Nd4 Bc8 31. Nf5+ Bxf5 32. exf5 a5 33. Rd7
Kf8 34. Rfd1 a4 35. bxa4 Rxa4 36. c3 h5 37. Re1 Rc4 38. Re6 h4 39. Rxb7 Rf4 40.
Rbxe7 Rxe7 41. Bc5 1-0

[Event "Monarch Assurance Isle of Man 16th"]
[Site "Port Erin"]
[Date "2007.09.26"]
[Round "5.30"]
[White "Mannion, Stephen R"]
[Black "Wright, William"]
[Result "1/2-1/2"]
[WhiteElo "2359"]
[BlackElo "2186"]
[PlyCount "59"]
[EventDate "2007.09.22"]
[EventType "swiss"]
[EventRounds "9"]
[EventCountry "IOM"]

1. e4 e6 2. d4 d5 3. Nd2 Nf6 4. e5 Nfd7 5. c3 c5 6. f4 Nc6 7. Ndf3 cxd4 8. cxd4
Qb6 9. a3 Na5 10. Ne2 Qb3 11. Qd2 Nc4 12. Qc3 Qxc3+ 13. Nxc3 a6 14. f5 Ndb6 15.
fxe6 Bxe6 16. Bd3 Be7 17. O-O Rc8 18. Ne2 h6 19. Nf4 O-O 20. h3 Na5 21. b4 Nb3
22. Rb1 Nxc1 23. Rfxc1 Rxc1+ 24. Rxc1 Rc8 25. Rxc8+ Nxc8 26. Kf2 a5 27. bxa5
Bxa3 28. a6 bxa6 29. Bxa6 Ne7 30. g4 1/2-1/2

[Event "Monarch Assurance Isle of Man 16th"]
[Site "Port Erin"]
[Date "2007.09.26"]
[Round "5.31"]
[White "Dworakowska, Joanna"]
[Black "Almond, Richard J"]
[Result "1-0"]
[WhiteElo "2320"]
[BlackElo "2101"]
[PlyCount "83"]
[EventDate "2007.09.22"]
[EventType "swiss"]
[EventRounds "9"]
[EventCountry "IOM"]

1. d4 d5 2. c4 e6 3. Nc3 Nf6 4. cxd5 exd5 5. Bg5 Be7 6. e3 O-O 7. Bd3 Re8 8.
Qc2 Nbd7 9. Nge2 c6 10. O-O Nf8 11. f3 Be6 12. Rad1 Rc8 13. Kh1 N6d7 14. Bf4 c5
15. e4 cxd4 16. Nxd4 Bf6 17. Qf2 Bxd4 18. Qxd4 Qb6 19. Bb5 Qxd4 20. Rxd4 dxe4
21. Nxe4 Rc2 22. Rb4 b6 23. Bd3 Rc6 24. Rd1 Re7 25. Bb5 Rc2 26. Ba4 Rc8 27. Bd6
Ree8 28. Rbd4 Red8 29. Be7 Re8 30. Bxf8 Nxf8 31. Bxe8 Rxe8 32. Kg1 h6 33. b3
Re7 34. Rd8 g6 35. Ra8 Kg7 36. Rdd8 f5 37. Nd6 Rd7 38. Rxd7+ Nxd7 39. Rxa7 Kf6
40. Nc4 h5 41. Rb7 Bxc4 42. Rxd7 1-0

[Event "Monarch Assurance Isle of Man 16th"]
[Site "Port Erin"]
[Date "2007.09.26"]
[Round "5.32"]
[White "Nelson, Jonathan P"]
[Black "Collier, David"]
[Result "0-1"]
[WhiteElo "2282"]
[BlackElo "2131"]
[PlyCount "76"]
[EventDate "2007.09.22"]
[EventType "swiss"]
[EventRounds "9"]
[EventCountry "IOM"]

1. c4 Nf6 2. g3 e6 3. Bg2 d5 4. Nf3 Be7 5. O-O O-O 6. b3 b6 7. Bb2 Bb7 8. d3 c5
9. e3 Nc6 10. Qe2 Qc7 11. Nc3 Rad8 12. Rfd1 a6 13. Rac1 dxc4 14. bxc4 Rd7 15.
Ne1 Na5 16. f4 Bxg2 17. Nxg2 Nc6 18. Ne1 Rb8 19. a4 Rbd8 20. Nf3 Re8 21. Rf1
Bd6 22. Ng5 Nb4 23. Nce4 Nxe4 24. Nxe4 f5 25. Nc3 Be7 26. Rcd1 Bf6 27. e4 Bd4+
28. Kg2 Qc6 29. Kh3 Rf7 30. Rfe1 Rf6 31. Kg2 Ref8 32. Qf3 Rh6 33. h4 Rhf6 34.
Re2 R6f7 35. exf5 Qxf3+ 36. Kxf3 exf5 37. Nd5 Nc6 38. Re6 Rc8 {time} 0-1

[Event "Monarch Assurance Isle of Man 16th"]
[Site "Port Erin"]
[Date "2007.09.26"]
[Round "5.33"]
[White "Waters, Michael"]
[Black "Phillips, Roy"]
[Result "1/2-1/2"]
[WhiteElo "2096"]
[BlackElo "2271"]
[PlyCount "51"]
[EventDate "2007.09.22"]
[EventType "swiss"]
[EventRounds "9"]
[EventCountry "IOM"]

1. e4 e6 2. b3 d5 3. Bb2 dxe4 4. Nc3 Nf6 5. Qe2 Bb4 6. O-O-O Qe7 7. Nxe4 Ba3 8.
Nf3 Bd7 9. Ne5 Bxb2+ 10. Kxb2 Bc6 11. Ng5 O-O 12. f4 a5 13. a4 Bxa4 14. Ra1 Bc6
15. Qe3 Bd5 16. Bd3 Nbd7 17. Rhe1 a4 18. Qh3 h6 19. Ngxf7 Rxf7 20. Nxf7 Kxf7
21. c4 Qb4 22. cxd5 Qxd2+ 23. Bc2 a3+ 24. Rxa3 Rxa3 25. dxe6+ Ke7 26. Qe3
1/2-1/2

[Event "Monarch Assurance Isle of Man 16th"]
[Site "Port Erin"]
[Date "2007.09.26"]
[Round "5.35"]
[White "Majer, Chris E"]
[Black "Smokina, Karolina"]
[Result "1/2-1/2"]
[WhiteElo "2041"]
[BlackElo "2205"]
[PlyCount "33"]
[EventDate "2007.09.22"]
[EventType "swiss"]
[EventRounds "9"]
[EventCountry "IOM"]

1. e4 e5 2. Bc4 Nf6 3. d4 exd4 4. Nf3 Nc6 5. e5 Ng4 6. O-O d6 7. exd6 Qxd6 8.
Re1+ Be7 9. Bg5 Nf6 10. Bb5 Be6 11. Qxd4 O-O-O 12. Qxd6 cxd6 13. Bxc6 bxc6 14.
Nd4 Kd7 15. Nxe6 fxe6 16. Nc3 Rhf8 17. Rad1 1/2-1/2

[Event "Monarch Assurance Isle of Man 16th"]
[Site "Port Erin"]
[Date "2007.09.26"]
[Round "5.36"]
[White "Marks, Ian A"]
[Black "Weeks, Manuel"]
[Result "1/2-1/2"]
[WhiteElo "1914"]
[BlackElo "2200"]
[PlyCount "42"]
[EventDate "2007.09.22"]
[EventType "swiss"]
[EventRounds "9"]
[EventCountry "IOM"]

1. e4 e5 2. Nf3 Nc6 3. Bb5 a6 4. Ba4 Nf6 5. O-O Nxe4 6. d4 b5 7. Bb3 d5 8. dxe5
Be6 9. Qe2 Be7 10. Rd1 O-O 11. c4 bxc4 12. Bxc4 Bc5 13. Be3 Bxe3 14. Qxe3 Qb8
15. Bb3 Qb6 16. Qe2 Rad8 17. Nc3 Nxc3 18. bxc3 Qb5 19. Qe3 Bg4 20. Nd4 Nxd4 21.
Rxd4 Be6 1/2-1/2

[Event "Monarch Assurance Isle of Man 16th"]
[Site "Port Erin"]
[Date "2007.09.26"]
[Round "5.37"]
[White "Noordhoek, Henk"]
[Black "Bentley, John L"]
[Result "1-0"]
[WhiteElo "2102"]
[BlackElo "2242"]
[PlyCount "107"]
[EventDate "2007.09.22"]
[EventType "swiss"]
[EventRounds "9"]
[EventCountry "IOM"]

1. e4 c5 2. Nf3 g6 3. d4 cxd4 4. Qxd4 Nf6 5. Nc3 Nc6 6. Qa4 d6 7. e5 Ng4 8.
exd6 Bg7 9. h3 Nge5 10. Nxe5 Bxe5 11. dxe7 Qxe7 12. Be3 Be6 13. Bc4 Qh4 14. Bb5
Qxa4 15. Bxa4 Rc8 16. Bxa7 Bxc3+ 17. bxc3 O-O 18. Bb6 Bc4 19. O-O-O Ba6 20.
Rhe1 Rfe8 21. f4 Rxe1 22. Rxe1 Kg7 23. g4 Nb8 24. Re8 Rxe8 25. Bxe8 Kf8 26. Ba4
h6 27. h4 Nc6 28. g5 hxg5 29. hxg5 Ke7 30. Kd2 f6 31. Ke3 fxg5 32. fxg5 Kd6 33.
Bd4 Bf1 34. Bf6 b5 35. Bb3 Bh3 36. c4 b4 37. c3 bxc3 38. Bxc3 Kc5 39. a3 Be6
40. Kd3 Bf5+ 41. Kd2 Be6 42. Bc2 Bf7 43. Bd3 Kb6 44. Kc2 Kc5 45. Kb3 Kb6 46.
Bf6 Kc5 47. Kc3 Kb6 48. Be4 Kc5 49. a4 Kb6 50. Bd4+ Kc7 51. Be3 Kd6 52. Bb6 Ne5
53. c5+ Kd7 54. a5 1-0

[Event "Monarch Assurance Isle of Man 16th"]
[Site "Port Erin"]
[Date "2007.09.26"]
[Round "5.38"]
[White "Fraser-Mitchell, Jeremy"]
[Black "Walton, Alan J"]
[Result "0-1"]
[WhiteElo "2097"]
[BlackElo "2223"]
[PlyCount "66"]
[EventDate "2007.09.22"]
[EventType "swiss"]
[EventRounds "9"]
[EventCountry "IOM"]

1. d4 e6 2. e4 d5 3. Nc3 Nf6 4. e5 Nfd7 5. Qg4 f5 6. Qg3 c5 7. dxc5 Nxc5 8. Be3
b6 9. O-O-O Bb7 10. Nf3 Nc6 11. Ng5 Qd7 12. Nxh7 O-O-O 13. Nxf8 Rhxf8 14. Bxc5
bxc5 15. f4 Nd4 16. Qe3 Kb8 17. Rg1 Rc8 18. Kb1 a6 19. h3 Qc7 20. Bd3 Ka8 21.
Ne2 Nxe2 22. Bxe2 Rb8 23. Qa3 Qb6 24. g4 fxg4 25. Rxg4 Rf7 26. Rdg1 Rbf8 27.
Qg3 c4 28. Rh4 Rxf4 29. Rxf4 Rxf4 30. Qxg7 c3 31. b3 Qc5 32. Qg3 Ra4 33. Rf1
Qa5 {time} 0-1

[Event "Monarch Assurance Isle of Man 16th"]
[Site "Port Erin"]
[Date "2007.09.26"]
[Round "5.39"]
[White "Van den Bersselaar, Jeroen"]
[Black "Goodger, Martyn"]
[Result "1/2-1/2"]
[WhiteElo "2183"]
[BlackElo "2093"]
[PlyCount "93"]
[EventDate "2007.09.22"]
[EventType "swiss"]
[EventRounds "9"]
[EventCountry "IOM"]

1. d4 e6 2. a3 f5 3. c4 Nf6 4. Nc3 Be7 5. Qc2 d5 6. Bf4 c6 7. e3 O-O 8. Nf3 Ne4
9. h3 Nd7 10. g4 Nxc3 11. bxc3 Nf6 12. Bd3 Ne4 13. O-O Bd7 14. Ne5 g6 15. Bh6
Re8 16. Bxe4 dxe4 17. c5 Bc8 18. f3 exf3 19. Rxf3 Bf6 20. Nc4 Qd5 21. Qe2 b6
22. Nd6 Ba6 23. Qd1 bxc5 24. Nxe8 Rxe8 25. Rf2 cxd4 26. cxd4 Bb7 27. Rb1 c5 28.
Rxb7 Qxb7 29. dxc5 Rd8 30. Qc2 Qd5 31. Rf1 Rc8 32. Rc1 Be7 33. gxf5 Qxf5 34.
Qb2 Bf6 35. Qb7 Rd8 36. Qg2 Qd5 37. Qxd5 exd5 38. Bf4 Rc8 39. c6 Bb2 40. Rc2
Bxa3 41. c7 Kf7 42. Ra2 Bc5 43. Ra5 Bb6 44. Rxd5 Ke7 45. Re5+ Kd7 46. Rd5+ Ke7
47. Re5+ 1/2-1/2

[Event "Monarch Assurance Isle of Man 16th"]
[Site "Port Erin"]
[Date "2007.09.26"]
[Round "5.40"]
[White "Fairbairn, Stephen"]
[Black "Yeo, Michael J"]
[Result "1/2-1/2"]
[WhiteElo "2091"]
[BlackElo "2153"]
[PlyCount "103"]
[EventDate "2007.09.22"]
[EventType "swiss"]
[EventRounds "9"]
[EventCountry "IOM"]

1. c4 e5 2. g3 Nc6 3. Bg2 g6 4. Nc3 Bg7 5. e4 d6 6. Nge2 Be6 7. d3 Nge7 8. O-O
O-O 9. Nd5 f5 10. Be3 Qd7 11. Qd2 Rf7 12. f3 Raf8 13. Rae1 Nc8 14. exf5 Bxf5
15. b3 Bh3 16. d4 Bxg2 17. Kxg2 Qf5 18. Ndc3 Re8 19. d5 Nd8 20. Ne4 b6 21. N2c3
Qd7 22. Ng5 Rf5 23. Nce4 h6 24. Nh3 Kh7 25. Ng1 Ne7 26. Ne2 Ng8 27. g4 Rff8 28.
N2g3 Nf7 29. Qd3 Qd8 30. h4 Ne7 31. Rh1 Kg8 32. Reg1 Qc8 33. Kf2 Qa6 34. a4 c6
35. Nc3 e4 36. Ngxe4 Ne5 37. Qd1 Nxf3 38. Rg3 Nd2+ 39. Kg2 Nxe4 40. Nxe4 Be5
41. Bxh6 cxd5 42. Bxf8 Rxf8 43. cxd5 Bxg3 44. Kxg3 Qa5 45. Qd4 Qxd5 46. Nf6+
Rxf6 47. Qxf6 Qxh1 48. Qxe7 Qd1 49. Qe6+ Kg7 50. Qe7+ Kg8 51. Qe6+ Kg7 52. Qe7+
1/2-1/2

[Event "Monarch Assurance Isle of Man 16th"]
[Site "Port Erin"]
[Date "2007.09.26"]
[Round "5.41"]
[White "Troyke, Doreen"]
[Black "Cafolla, Peter"]
[Result "0-1"]
[WhiteElo "2151"]
[BlackElo "2034"]
[PlyCount "88"]
[EventDate "2007.09.22"]
[EventType "swiss"]
[EventRounds "9"]
[EventCountry "IOM"]

1. c4 e6 2. g3 d5 3. Nf3 c5 4. Bg2 Nc6 5. O-O Nf6 6. cxd5 exd5 7. d4 Be7 8. Nc3
O-O 9. Bg5 cxd4 10. Nxd4 Re8 11. Rc1 h6 12. Bxf6 Bxf6 13. Nb3 d4 14. Ne4 Bg4
15. h3 Bf5 16. Nxf6+ Qxf6 17. Bxc6 bxc6 18. Qxd4 Qg6 19. Rfe1 Bxh3 20. Rc5 Rad8
21. Qc3 Rd6 22. Qc2 Qf6 23. Qc3 Qe6 24. e3 g6 25. Qc4 Qd7 26. Kh2 Be6 27. Qc2
Bg4 28. f4 Bf3 29. Qf2 Qg4 30. Kg1 Red8 31. Nd4 Be4 32. Rec1 Rd5 33. b4 a5 34.
a3 axb4 35. axb4 Kh7 36. Kf1 Qh3+ 37. Ke1 Qg4 38. Rxc6 Rh5 39. Rc7 Rh1+ 40. Kd2
Rxc1 41. Kxc1 Ra8 42. Kb2 Qd1 43. Nc2 Qd5 44. Kc3 Ra2 0-1